| 000 | 00707nam a22002417a 4500 | ||
|---|---|---|---|
| 005 | 20170124110039.0 | ||
| 010 | _a612997 | ||
| 020 | _c00.00 | ||
| 035 | _a612997 | ||
| 037 | _bCen Lib/Ret | ||
| 040 |
_aDPL _bEN |
||
| 082 |
_a881.08 _bTUL |
||
| 100 |
_aTulsiram _923279 |
||
| 245 |
_aThe neoclassical epic-1650-1720 : _ban ethical and historical interpretation / _cby Tulsiram |
||
| 260 |
_aDelhi _bNational Publishing house _c1971 |
||
| 270 |
_a23,Dary Ganj _bDelhi _e110006 |
||
| 300 |
_a358p. _c21cm(Hb) |
||
| 500 | _aIncludes index | ||
| 650 |
_a English poetry _923280 |
||
| 650 |
_aNeoclassicism (Literature) _923281 |
||
| 700 | _923233 | ||
| 942 |
_2ddc _cEN _h881.08 _mTUL |
||
| 999 |
_c128402 _d128402 |
||